00407nam a2200121Ia 4500008004100000024004300041082001700084100005700101245004300158260002500201600002100226650003800247250506s9999 xx 000 0 und d a14B-89-BS, 14B-126-BS & 14B-131-BS a005.7072 SYE aSyed Fakhar Alam, Syed Bilal Munawar & Sheraz Mohsin 0aPredictive Analysis of Student Success aKarachi:bUIT,c2014 aComputer Science aBachelor of Computer Science (BS)